Potential and Challenges of Low Carbon Fuels for Sustainable Transport (Record no. 12634)

000 -LEADER
fixed length control field 03273nam a22005175i 4500
001 - CONTROL NUMBER
control field 978-981-16-8414-2
003 - CONTROL NUMBER IDENTIFIER
control field DE-He213
005 - DATE AND TIME OF LATEST TRANSACTION
control field 20250103112323.0
007 - PHYSICAL DESCRIPTION FIXED FIELD--GENERAL INFORMATION
fixed length control field cr nn 008mamaa
008 - FIXED-LENGTH DATA ELEMENTS--GENERAL INFORMATION
fixed length control field 211222s2022 si | s |||| 0|eng d
020 ## - INTERNATIONAL STANDARD BOOK NUMBER
International Standard Book Number 9789811684142
-- 978-981-16-8414-2
024 ## - OTHER STANDARD IDENTIFIER
Standard number or code 10.1007/978-981-16-8414-2
Source of number or code doi
050 ## - LIBRARY OF CONGRESS CALL NUMBER
Classification number TA1001-1280
050 ## - LIBRARY OF CONGRESS CALL NUMBER
Classification number HE331-380
072 ## - SUBJECT CATEGORY CODE
Subject category code TNH
Source bicssc
072 ## - SUBJECT CATEGORY CODE
Subject category code TEC009140
Source bisacsh
072 ## - SUBJECT CATEGORY CODE
Subject category code TNH
Source thema
082 ## - DEWEY DECIMAL CLASSIFICATION NUMBER
Classification number 629.04
Edition number 23
245 ## - TITLE STATEMENT
Title Potential and Challenges of Low Carbon Fuels for Sustainable Transport
Medium [electronic resource] /
Statement of responsibility, etc. edited by Avinash Kumar Agarwal, Hardikk Valera.
250 ## - EDITION STATEMENT
Edition statement 1st ed. 2022.
260 ## - PUBLICATION, DISTRIBUTION, ETC.
Place of publication, distribution, etc. Singapore :
Name of publisher, distributor, etc. Springer Nature Singapore :
-- Imprint: Springer,
Date of publication, distribution, etc. 2022.
300 ## - PHYSICAL DESCRIPTION
Extent XIII, 345 p. 106 illus., 74 illus. in color.
Other physical details online resource.
336 ## - CONTENT TYPE
Content type term text
Content type code txt
Source rdacontent
337 ## - MEDIA TYPE
Media type term computer
Media type code c
Source rdamedia
338 ## - CARRIER TYPE
Carrier type term online resource
Carrier type code cr
Source rdacarrier
347 ## - DIGITAL FILE CHARACTERISTICS
File type text file
Encoding format PDF
Source rda
490 ## - SERIES STATEMENT
Series statement Energy, Environment, and Sustainability,
International Standard Serial Number 2522-8374
505 ## - FORMATTED CONTENTS NOTE
Formatted contents note Introduction of Potential and Challenges of Low Carbon Fuels for Sustainable Transport -- Some of the Bio-fuels for Internal Combustion Engines: Alcohols and Biodiesel -- Production of Bioethanol from Microalgal Feedstock: A Circular Biorefinery Approach -- Fuel Delivery System for Alternative Fuel Engines – A Review -- Alcohols as Alternative Fuels for Transport -- Advances in the Use of Ethers and Alcohols as Additives for Improving Biofuel Properties for SI Engines -- Influence of Oxygenated Fuel and Additives in Biofuel Run Compression Ignition Engine -- Future Sustainable Transport Fuels for Indian Heavy-duty Vehicles -- Potential and Challenges of using Biodiesel in a Compression Ignition Engine -- Biodiesel and Renewable Diesel as a Drop-in Fuel for Decarbonized Maritime Transportation.
520 ## - SUMMARY, ETC.
Summary, etc. This book focuses on low carbon fuels a preferable class of fuels for Internal Combustion Engines (ICEs) highlighting the effect of low carbon fuels on tailpipe emissions. This book aims to strengthen the knowledge base dealing with low carbon fuels as a sustainable transport fuel. The volume includes recent results and are focused on current trends of automotive sector. This book will be of interest to those in academia and industry involved in fuels, IC engines, engine instrumentation, and environmental research.
650 ## - SUBJECT ADDED ENTRY--TOPICAL TERM
Topical term or geographic name entry element Transportation engineering.
650 ## - SUBJECT ADDED ENTRY--TOPICAL TERM
Topical term or geographic name entry element Traffic engineering.
650 ## - SUBJECT ADDED ENTRY--TOPICAL TERM
Topical term or geographic name entry element Transportation Technology and Traffic Engineering.
700 ## - ADDED ENTRY--PERSONAL NAME
Personal name Agarwal, Avinash Kumar.
Relator term editor.
Relationship edt
-- http://id.loc.gov/vocabulary/relators/edt
700 ## - ADDED ENTRY--PERSONAL NAME
Personal name Valera, Hardikk.
Relator term editor.
Relationship edt
-- http://id.loc.gov/vocabulary/relators/edt
710 ## - ADDED ENTRY--CORPORATE NAME
Corporate name or jurisdiction name as entry element SpringerLink (Online service)
773 ## - HOST ITEM ENTRY
Title Springer Nature eBook
776 ## - ADDITIONAL PHYSICAL FORM ENTRY
Relationship information Printed edition:
International Standard Book Number 9789811684135
776 ## - ADDITIONAL PHYSICAL FORM ENTRY
Relationship information Printed edition:
International Standard Book Number 9789811684159
776 ## - ADDITIONAL PHYSICAL FORM ENTRY
Relationship information Printed edition:
International Standard Book Number 9789811684166
830 ## - SERIES ADDED ENTRY--UNIFORM TITLE
Uniform title Energy, Environment, and Sustainability,
International Standard Serial Number 2522-8374
856 ## - ELECTRONIC LOCATION AND ACCESS
Uniform Resource Identifier <a href="https://doi.org/10.1007/978-981-16-8414-2">https://doi.org/10.1007/978-981-16-8414-2</a>
912 ## -
-- ZDB-2-ENG
912 ## -
-- ZDB-2-SXE
Holdings
Withdrawn status Lost status Damaged status Not for loan Permanent Location Current Location Date acquired Date last seen Price effective from Koha item type
        IMU-MPC Library IMU-MPC Library 2025-01-03 2025-01-03 2025-01-03 E-Book
Copyright © 2021 Indian Maritime University, Mumbai Port Campus. All Rights Reserved. Managed & Maintained by Central Library, IMU-Mumbai

webs counters

Powered by Koha